000 00531 a2200145 4500
020 _a9698510168
035 _a(DLC) 00312982
040 _aDLC
082 _a297.48092
_bQAD
245 1 4 _aThe Sultan of the saints: mystical life and teaching of Shaikh Syed Abdul Qadir Jilani
_bmystical life and teaching of Shaikh Syed Abdul Qadir Jilani
_cMuhammad Riaz Qadiri.
260 _aGujranwala :
_bAbbasi Pablications,
_c2000.
300 _axii, 380 p. :
_bcol. ill. ;
_c22 cm.
650 0 _aSufis
_9107691
942 _cBK
_k297.4092 QAD
_2ddc
999 _c7180
_d7180